| 000 | 00814nam a2200217 a 4500 | ||
|---|---|---|---|
| 005 | 20240919063813.0 | ||
| 008 | 991125s1943 mx 000 0 spa u | ||
| 035 | _aUPN01000031181 | ||
| 049 | _aC | ||
| 050 | 4 |
_aJ171 N5 _b1943 |
|
| 110 | 1 |
_aMéxico. _bPresidente (1940-1946 : Avila Camacho) _928166 |
|
| 245 | 0 | 0 |
_aInforme que rinde al H. Congreso de la Unión : _bsobre la acción desarrollada por la administración pública del 1o. de septiembre de 1942 al 31 de agosto de 1943 |
| 260 |
_aMéxico : _bSecretaría de Gobernación, _c1943 |
||
| 300 | _a90 p. | ||
| 440 | 0 |
_aSecretaría de Gobernación. Publicación; _v8 |
|
| 500 | _aDatos tomados de la cubierta | ||
| 650 | 4 |
_aPresidentes _zMéxico _vInformes _96409 |
|
| 651 | 4 |
_aMéxico _xPolítica y gobierno _94512 |
|
| 904 |
_aAC _b031182 |
||
| 905 | _aLibro | ||
| 999 |
_c31181 _d31181 |
||